[Event "SVK-chT5 SE-SI 1213"]
[Site "Slovakia"]
[Date "2013.01.26"]
[Round "10.4"]
[White "Hurban, Tomas"]
[Black "Kaufman, Robert"]
[Result "1-0"]
[WhiteElo "1352"]
[BlackElo "1041"]
[PlyCount "69"]
[EventDate "2012.10.06"]
[EventType "team-tourn"]
[EventRounds "14"]
[EventCountry "SVK"]
[SourceTitle "EXT 2022"]
[Source "ChessBase"]
[SourceDate "2021.10.06"]
[SourceVersion "1"]
[SourceVersionDate "2021.10.06"]
[SourceQuality "1"]
[WhiteTeam "Sastin Straze"]
[BlackTeam "Senica CVC III"]
[WhiteTeamCountry "SVK"]
[BlackTeamCountry "SVK"]

1. d4 d5 2. Nf3 Nc6 3. Bf4 Bf5 4. e3 Nf6 5. Bb5 e6 6. Ne5 Bd6 7. Nxc6 bxc6 8. Bxc6+ Ke7 9. Bxa8 Bxf4 10. exf4 Qxa8 11. f3 Nh5 12. g4 Be4 13. gxh5 Qb7 14. fxe4 Qxb2 15. Nd2 Qxd4 16. Rb1 dxe4 17. Nf1 Qc3+ 18. Qd2 Qf3 19. Ng3 Rd8 20. Qe2 Qxf4 21. Rd1 Rxd1+ 22. Kxd1 e3 23. Rf1 Qd4+ 24. Qd3 Qg4+ 25. Kc1 Qg5 26. Re1 e2+ 27. Qd2 Qe5 28. Qxe2 Qa1+ 29. Kd2 Qd4+ 30. Qd3 Qb4+ 31. c3 Qb2+ 32. Qc2 Qa3 33. Nf5+ Kf8 34. Qb3 Qa5 35. Qb8# 1-0

[Event "SVK-chT5 SE-SI 1213"]
[Site "Slovakia"]
[Date "2012.12.15"]
[Round "8.3"]
[White "Rehak, Miroslav"]
[Black "Hurban, Tomas"]
[Result "1/2-1/2"]
[WhiteElo "1446"]
[BlackElo "1352"]
[PlyCount "100"]
[EventDate "2012.10.06"]
[EventType "team-tourn"]
[EventRounds "14"]
[EventCountry "SVK"]
[SourceTitle "EXT 2022"]
[Source "ChessBase"]
[SourceDate "2021.10.06"]
[SourceVersion "1"]
[SourceVersionDate "2021.10.06"]
[SourceQuality "1"]
[WhiteTeam "Senica Slovakia"]
[BlackTeam "Sastin Straze"]
[WhiteTeamCountry "SVK"]
[BlackTeamCountry "SVK"]

1. e4 Nf6 2. Nc3 e6 3. Nf3 a6 4. g3 d5 5. exd5 exd5 6. Qe2+ Qe7 7. d3 Qxe2+ 8. Nxe2 Bg4 9. Bg2 Bb4+ 10. c3 Ba5 11. 0-0 0-0 12. Nf4 c6 13. Nd4 g6 14. f3 Bd7 15. Be3 Bb6 16. Bf2 g5 17. Nh3 h6 18. Nc2 Bxf2+ 19. Nxf2 Bf5 20. Rfe1 Nbd7 21. Nd4 Bg6 22. Nb3 Rfe8 23. d4 b6 24. Bf1 Re6 25. Rxe6 fxe6 26. Bd3 Kf7 27. Re1 Bxd3 28. Nxd3 a5 29. Nbc1 Re8 30. Ne5+ Nxe5 31. Rxe5 Nd7 32. Re2 Nf6 33. Nd3 Nd7 34. f4 g4 35. Kg2 Kf6 36. h3 h5 37. hxg4 hxg4 38. Ne5 Nxe5 39. Rxe5 Rg8 40. Rh5 Kg6 41. Re5 Kf6 42. b3 Rg6 43. Rh5 Kg7 44. Rh1 Rh6 45. Re1 Kf7 46. c4 Rh5 47. Re5 Rxe5 48. fxe5 Kg6 49. Kf2 Kf5 50. Ke3 Kg5 1/2-1/2